MARC details
| 000 -LÍDER |
| Campo de controle fixo |
01389nam a22004457a 4500 |
| 001 - NÚMERO DE CONTROLE |
| Número de controle |
BR2025005275 |
| 003 - CÓDIGO MARC DA AGÊNCIA CATALOGADORA |
| Campo de controle |
BR-BrBNA |
| 005 - DATA E HORA DA ÚLTIMA ATUALIZAÇÃO |
| Campo de controle |
20251209154324.0 |
| 008 - CAMPO DE TAMANHO FIXO |
| Campo fixo de controle |
251209b bl.||||| |||| 00| 0 por d |
| 040 ## - FONTE DA CATALOGAÇÃO |
| Agência catalogadora |
BR-BrBNA |
| Idioma da catalogação |
por |
| 041 ## - CÓDIGO DO IDIOMA |
| Código do Idioma |
por |
| 072 ## - CATEGORIA AGRIS |
| Código da categoria de assunto/objeto |
<a href="L01 ; L02 ; Q02 ; C20 ; E10 ; E13 ; E40 ; L70 ; N10 ">L01 ; L02 ; Q02 ; C20 ; E10 ; E13 ; E40 ; L70 ; N10 </a> |
| Código do objeto |
5214 |
| 090 ## - NÚMERO DE CHAMADA |
| Localização na estante |
5214 BR2025005275 |
| 100 0# - ENTRADA PRINCIPAL - NOME PESSOAL |
| Nome pessoal |
Alves, Felippe José (ed.) |
| 110 ## - ENTRADA PRINCIPAL - ENTIDADE |
| Nome da entidade ou lugar |
Ministério da Agricultura, Rio de Janeiro, GB (Brasil). Escritório de Produção Animal |
| 245 ## - TÍTULO PRINCIPAL |
| Título principal |
Plano de melhoramento da alimentação e do manejo do gado leiteiro. Projeto estadual de Goiás |
| Subtítulo |
PLAMAM |
| 260 ## - IMPRENTA (PUBLICAÇÃO, DISTRIBUIÇÃO, ETC.) |
| Lugar de publicação, distribuição, etc. |
Rio de Janeiro, GB (Brasil) |
| Nome do editor, distribuidor, etc. |
Polar Livros e Revistas |
| Data de publicação, distribuição, etc |
1968 |
| 300 ## - DESCRIÇÃO FÍSICA |
| Extensão |
84 p. |
| 500 ## - NOTA GERAL |
| Notas gerais |
44 tables |
| 650 ## - ASSUNTO - THESAGRO |
| Cabeçalho tópico ou nome geográfico |
GADO LEITEIRO |
| 650 ## - ASSUNTO - THESAGRO |
| Cabeçalho tópico ou nome geográfico |
LEITE |
| 650 ## - ASSUNTO - THESAGRO |
| Cabeçalho tópico ou nome geográfico |
PRODUTO DERIVADO DO LEITE |
| 650 ## - ASSUNTO - THESAGRO |
| Cabeçalho tópico ou nome geográfico |
PREÇO |
| 650 ## - ASSUNTO - THESAGRO |
| Cabeçalho tópico ou nome geográfico |
INDÚSTRIA DE LATICÍNIO |
| 650 ## - ASSUNTO - THESAGRO |
| Cabeçalho tópico ou nome geográfico |
BENEFICIAMENTO |
| 650 ## - ASSUNTO - THESAGRO |
| Cabeçalho tópico ou nome geográfico |
COOPERATIVA DE PRODUTORES |
| 650 ## - ASSUNTO - THESAGRO |
| Cabeçalho tópico ou nome geográfico |
CONSUMO |
| 650 ## - ASSUNTO - THESAGRO |
| Cabeçalho tópico ou nome geográfico |
PREÇO PAGO |
| 650 ## - ASSUNTO - THESAGRO |
| Cabeçalho tópico ou nome geográfico |
PREÇO RECEBIDO |
| 650 ## - ASSUNTO - THESAGRO |
| Cabeçalho tópico ou nome geográfico |
ALIMENTAÇÃO ANIMAL |
| 650 ## - ASSUNTO - THESAGRO |
| Cabeçalho tópico ou nome geográfico |
MANEJO |
| 650 ## - ASSUNTO - THESAGRO |
| Cabeçalho tópico ou nome geográfico |
SANIDADE ANIMAL |
| 650 ## - ASSUNTO - THESAGRO |
| Cabeçalho tópico ou nome geográfico |
HIGIENE VETERINÁRIA |
| 650 ## - ASSUNTO - THESAGRO |
| Cabeçalho tópico ou nome geográfico |
INSTALAÇÃO PARA ANIMAL |
| 650 ## - ASSUNTO - THESAGRO |
| Cabeçalho tópico ou nome geográfico |
EQUIPAMENTO PECUÁRIO |
| 650 ## - ASSUNTO - THESAGRO |
| Cabeçalho tópico ou nome geográfico |
ASSISTÊNCIA TÉCNICA |
| 650 ## - ASSUNTO - THESAGRO |
| Cabeçalho tópico ou nome geográfico |
ASSISTÊNCIA FINANCEIRA |
| 909 ## - IDENTIFICAÇÃO DO CATALOGADOR |
| Ano e mês da catalogação (aaaamm) |
202512 |
| Identificação do catalogador |
Fernando |
| 942 ## - TIPO ESPECÍFICO |
| Tipo de material |
Livros |
| 952 ## - LOCATION AND ITEM INFORMATION (KOHA) |
| -- |
2025-12-09 |